<?xml version="1.0" encoding="UTF-8"?>
<record
    xmlns:xsi="http://www.w3.org/2001/XMLSchema-instance"
    xsi:schemaLocation="http://www.loc.gov/MARC21/slim http://www.loc.gov/standards/marcxml/schema/MARC21slim.xsd"
    xmlns="http://www.loc.gov/MARC21/slim">

  <leader>01536nab a22002177a 4500</leader>
  <datafield tag="999" ind1=" " ind2=" ">
    <subfield code="c">6095</subfield>
    <subfield code="d">6095</subfield>
  </datafield>
  <controlfield tag="003">OSt</controlfield>
  <controlfield tag="005">20260122070438.0</controlfield>
  <controlfield tag="008">190502c        xxu||||| |||| 00| 0 spa d</controlfield>
  <datafield tag="040" ind1=" " ind2=" ">
    <subfield code="c">PJ</subfield>
  </datafield>
  <datafield tag="100" ind1=" " ind2=" ">
    <subfield code="a">Santoianni, Juan Pablo</subfield>
    <subfield code="9">6636</subfield>
  </datafield>
  <datafield tag="245" ind1="1" ind2="0">
    <subfield code="a">Error sobre la edad del sujeto pasivo en los delitos de abuso sexual y principio de congruencia :</subfield>
    <subfield code="b">el fallo &#x201C;F. M. C. V.&#x201D; /</subfield>
    <subfield code="c">Juan Pablo Santoianni.</subfield>
  </datafield>
  <datafield tag="260" ind1=" " ind2=" ">
    <subfield code="a">Ciudad Aut&#xF3;noma de Buenos Aires :</subfield>
    <subfield code="b">Thomson Reuters La Ley,</subfield>
    <subfield code="c">2024.</subfield>
  </datafield>
  <datafield tag="300" ind1=" " ind2=" ">
    <subfield code="a">p. 48-58</subfield>
  </datafield>
  <datafield tag="505" ind1=" " ind2=" ">
    <subfield code="a">Sumario: I. Introducci&#xF3;n.&#x2014; II. Aspectos centrales del fallo &#x201C;F. M. C. V.&#x201D;.&#x2014; III. Distintas posturas sobre el error acerca de la edad del sujeto pasivo en los delitos de abuso sexual.&#x2014; IV. Nuestra posici&#xF3;n: estupro consumado con necesidad de puntual intimaci&#xF3;n respecto del &#x201C;aprovechamiento de la inmadurez sexual&#x201D;.&#x2014; V. Contenido de la acusaci&#xF3;n y principio de congruencia en los supuestos de error sobre la edad de la v&#xED;ctima.&#x2014; VI. El error sobre la edad de la v&#xED;ctima y el principio de congruencia en el fallo &#x201C;F. M., C. V.&#x201D;.&#x2014; VII. Conclusi&#xF3;n.
</subfield>
  </datafield>
  <datafield tag="505" ind1=" " ind2=" ">
    <subfield code="a">Fallo comentado: CCrim. 2a Nom., Catamarca, 15/03/2022. - F. M. C. V.</subfield>
  </datafield>
  <datafield tag="505" ind1=" " ind2=" ">
    <subfield code="t">&#xBF;Te interesa el texto completo? Solicitalo al correo: koha@justierradelfuego.gov.ar</subfield>
  </datafield>
  <datafield tag="650" ind1=" " ind2="0">
    <subfield code="9">343</subfield>
    <subfield code="a">DERECHO PENAL</subfield>
  </datafield>
  <datafield tag="650" ind1=" " ind2="0">
    <subfield code="9">4467</subfield>
    <subfield code="a">ABUSO SEXUAL CALIFICADO POR ACCESO CARNAL</subfield>
  </datafield>
  <datafield tag="773" ind1="0" ind2=" ">
    <subfield code="0">2729</subfield>
    <subfield code="9">3180</subfield>
    <subfield code="d">Buenos Aires : LexisNexis,  2006-</subfield>
    <subfield code="t">Revista de derecho penal y procesal penal. N&#xBA; 10 - Octubre 2024</subfield>
    <subfield code="z">9875920622</subfield>
  </datafield>
  <datafield tag="942" ind1=" " ind2=" ">
    <subfield code="2">udc</subfield>
    <subfield code="c">ANA</subfield>
  </datafield>
</record>
